000 00702nam a2200241Ia 4500
003 OSt
005 20220926021116.0
006 a|||||r|||| 00| 0
007 ta
008 220923b |||||||| |||| 00| 0 eng d
037 _cGeneral Book
040 _aRTL
_cRTL
_beng
041 _2eng
_aeng
082 _aX:54.5.p, P3
110 _aUnited Nations Economic Commission for Europe
245 0 _aBeyond enlargment
_bTrade business and investment in
260 _aNew York
_bU K
_c2003
300 _a163p.
_ccm.
650 _aInternational Trade
700 _aUnited Nations Economic Commission for Europe
942 _hX:54.5.p, P3
_cGB
_2CC
999 _c635791
_d635791